[Event "Charlotte CCCSA Spring IM"]
[Site "Charlotte"]
[Date "2019.03.22"]
[Round "5"]
[White "Banik, Siddharth G"]
[Black "Stremavicius, Titas"]
[Result "1/2-1/2"]
[WhiteElo "2341"]
[BlackElo "2472"]
[PlyCount "44"]
[EventDate "2019.03.20"]
[EventType "tourn"]
[EventRounds "9"]
[EventCountry "USA"]
[EventCategory "2"]
[SourceTitle "CBM 189 Extra"]
[Source "ChessBase"]
[SourceDate "2019.06.03"]
[SourceVersion "1"]
[SourceVersionDate "2019.06.03"]
[SourceQuality "1"]

1. e4 c5 2. Nf3 Nc6 3. d4 cxd4 4. Nxd4 Nf6 5. Nc3 d6 6. Bg5 e6 7. Qd2 Qb6 8. Bxf6 gxf6 9. Nb3 a6 10. f4 Qc7 11. Be2 h5 12. 0-0-0 b5 13. Bf3 Ne5 14. Kb1 Nxf3 15. gxf3 Bb7 16. f5 0-0-0 17. fxe6 fxe6 18. Nd4 Bh6 19. Qg2 Qf7 20. Qh3 Rhe8 21. a3 Kb8 22. Rd3 Bf4 1/2-1/2

[Event "Bay Area op"]
[Site "Burlingame"]
[Date "2019.01.05"]
[Round "7"]
[White "Banik, Siddharth G"]
[Black "Boros, Denes"]
[Result "1-0"]
[WhiteElo "2276"]
[BlackElo "2442"]
[PlyCount "81"]
[EventDate "2019.01.01"]
[EventType "swiss"]
[EventRounds "9"]
[EventCountry "USA"]
[SourceTitle "CBM 188 Extra"]
[Source "ChessBase"]
[SourceDate "2019.02.26"]
[SourceVersion "1"]
[SourceVersionDate "2019.02.26"]
[SourceQuality "1"]

1. e4 c5 2. Nf3 d6 3. d4 cxd4 4. Nxd4 Nf6 5. Nc3 Nc6 6. Bg5 e6 7. Qd2 Be7 8. f4 a6 9. 0-0-0 Nxd4 10. Qxd4 b5 11. e5 dxe5 12. Qxe5 Qb6 13. Be2 h6 14. Bf3 Ra7 15. Bh4 0-0 16. Qe2 Rc7 17. Bf2 Qa5 18. Qe5 Nd7 19. Qh5 Nf6 20. Qe5 Nd7 21. Qh5 Bb4 22. Bd4 Bxc3 23. bxc3 Qa3+ 24. Kd2 b4 25. Be4 f5 26. Qg6 bxc3+ 27. Ke2 Qe7 28. Bf3 e5 29. Bd5+ Kh8 30. fxe5 Nxe5 31. Bxe5 Qxe5+ 32. Kf2 Rd7 33. Rhe1 Qxh2 34. Rd4 Qd6 35. Re8 Qc5 36. Kg3 Bb7 37. Rc4 Qa3 38. Bxb7 Rxb7 39. Rcc8 Rbf7 40. Qxf7 Qd6+ 41. Kh3 1-0

[Event "Bay Area op"]
[Site "Burlingame"]
[Date "2019.01.04"]
[Round "5"]
[White "Banik, Siddharth G"]
[Black "Li, Eric"]
[Result "1-0"]
[WhiteElo "2276"]
[BlackElo "2007"]
[PlyCount "89"]
[EventDate "2019.01.01"]
[EventType "swiss"]
[EventRounds "9"]
[EventCountry "USA"]
[SourceTitle "CBM 188 Extra"]
[Source "ChessBase"]
[SourceDate "2019.02.26"]
[SourceVersion "1"]
[SourceVersionDate "2019.02.26"]
[SourceQuality "1"]

1. e4 e5 2. Nf3 Nc6 3. Bb5 Nf6 4. d3 Bc5 5. c3 0-0 6. 0-0 d6 7. Bg5 h6 8. Bh4 Bg4 9. h3 Bh5 10. Nbd2 g5 11. Bg3 Bb6 12. a4 a6 13. Bxc6 bxc6 14. a5 Ba7 15. Re1 Qd7 16. d4 exd4 17. cxd4 Bxd4 18. Qc2 Ba7 19. Qc3 Nh7 20. Rac1 f5 21. exf5 Rxf5 22. Qb3+ Bf7 23. Qb7 Qc8 24. Qxc6 Rxa5 25. Bxd6 Bd5 26. Qc3 Bb6 27. Re7 Bf7 28. Ne5 Rxe5 29. Qxe5 Qf8 30. Bxc7 Bxf2+ 31. Kh1 Re8 32. Bd6 Rxe7 33. Bxe7 Qa8 34. Qf5 Qa7 35. Rc8+ Kg7 36. Qe5+ Kg6 37. Rc6+ Kh5 38. g4+ Kh4 39. Rxh6+ Bh5 40. Kg2 Qb7+ 41. Qe4 Qxe4+ 42. Nxe4 Nf6 43. Bxf6 Bg3 44. Nxg3 a5 45. Nf5# 1-0

[Event "PRO League Stage"]
[Site "Chess.com INT"]
[Date "2018.02.28"]
[Round "8"]
[White "Kuybokarov, Temur"]
[Black "Banik, Siddharth G"]
[Result "1/2-1/2"]
[WhiteElo "2472"]
[BlackElo "2115"]
[PlyCount "98"]
[EventDate "2018.01.18"]
[EventType "team-swiss (rapid)"]
[EventRounds "9"]
[EventCountry "USA"]
[SourceTitle "EXT 2019"]
[Source "ChessBase"]
[SourceDate "2018.10.10"]
[SourceVersion "1"]
[SourceVersionDate "2018.10.10"]
[SourceQuality "1"]
[WhiteTeam "Australia Kangaroos"]
[BlackTeam "San Diego Surfers"]
[WhiteTeamCountry "AUS"]
[BlackTeamCountry "USA"]

1. d4 Nf6 2. c4 e6 3. Nc3 Bb4 4. Qc2 0-0 5. Nf3 d5 6. a3 Bxc3+ 7. Qxc3 dxc4 8. Qxc4 b6 9. Bg5 Ba6 10. Qa4 Qd7 11. Qc2 c5 12. Bxf6 gxf6 13. dxc5 Rc8 14. Rd1 Qc6 15. e4 Bxf1 16. Kxf1 Nd7 17. Nd4 Qxc5 18. Qe2 Ne5 19. h4 Rd8 20. Nf3 Ng4 21. Rxd8+ Rxd8 22. Rh3 h5 23. Ne1 Qc1 24. Rc3 Qb1 25. Qc2 Qa1 26. Rc8 Rxc8 27. Qxc8+ Kg7 28. Qc2 b5 29. Ke2 Ne5 30. Nd3 Nxd3 31. Kxd3 Qf1+ 32. Qe2 Qxg2 33. Qxh5 Qxf2 34. Qg4+ Kf8 35. h5 Qxb2 36. h6 Qxa3+ 37. Kc2 Qa2+ 38. Kd3 Qa3+ 39. Kd2 Qb2+ 40. Kd3 Qb3+ 41. Kd2 Qb4+ 42. Kc2 Qc4+ 43. Kd2 Qd4+ 44. Kc2 Qf2+ 45. Kd3 Qf1+ 46. Kd2 Qf2+ 47. Kd3 Qf1+ 48. Kd2 Qf2+ 49. Kd3 Qf1+ 1/2-1/2

[Event "Philadelphia int op 11th"]
[Site "Philadelphia"]
[Date "2017.06.27"]
[Round "6"]
[White "Banik, Siddharth G"]
[Black "Perez, Robert M"]
[Result "1-0"]
[WhiteElo "2209"]
[BlackElo "2365"]
[PlyCount "97"]
[EventDate "2017.06.24"]
[EventType "swiss"]
[EventRounds "9"]
[EventCountry "USA"]
[SourceTitle "CBM 179 Extra"]
[Source "ChessBase"]
[SourceDate "2017.08.23"]
[SourceVersion "1"]
[SourceVersionDate "2017.08.23"]
[SourceQuality "1"]

1. e4 c5 2. Nf3 d6 3. d4 Nf6 4. Nc3 cxd4 5. Nxd4 a6 6. Bg5 e6 7. f4 h6 8. Bh4 Qb6 9. Qd2 Qxb2 10. Rb1 Qa3 11. e5 dxe5 12. fxe5 g5 13. Bf2 Ng4 14. Bg3 Bg7 15. Ne4 Nxe5 16. Rb3 Qa4 17. Nd6+ Ke7 18. Re3 f6 19. h4 g4 20. Bc4 Nbc6 21. 0-0 Nxc4 22. N4f5+ Kf8 23. Nxc4 Qxc4 24. Qd6+ Kg8 25. Nxg7 Qd4 26. Qxd4 Nxd4 27. Nh5 Kf7 28. Rxf6+ Ke7 29. Rf4 Rd8 30. c3 Rd5 31. Nf6 Rf5 32. Ng8+ Kf8 33. Rxd4 Kxg8 34. Rxg4+ Kf7 35. Be5 Ke7 36. Rg7+ Rf7 37. Reg3 b5 38. h5 a5 39. Rxf7+ Kxf7 40. Rg7+ Kf8 41. Rh7 b4 42. Rxh6 bxc3 43. Bxc3 e5 44. Bxe5 Ke7 45. Rh8 Ke6 46. Bc3 Bb7 47. Rxa8 Bxa8 48. h6 Be4 49. Bxa5 1-0

[Event "PRO League Stage"]
[Site "Chess.com INT"]
[Date "2017.02.22"]
[Round "7"]
[White "Banik, Siddharth G"]
[Black "Raptis, Nick"]
[Result "1-0"]
[WhiteElo "2154"]
[BlackElo "2262"]
[PlyCount "123"]
[EventDate "2017.01.11"]
[EventType "team-swiss (rapid)"]
[EventRounds "7"]
[EventCountry "USA"]
[SourceTitle "EXT 2018"]
[Source "ChessBase"]
[SourceDate "2017.10.13"]
[SourceVersion "1"]
[SourceVersionDate "2017.10.13"]
[SourceQuality "1"]
[WhiteTeam "San Francisco Mechanics"]
[BlackTeam "Portland Rain"]
[WhiteTeamCountry "USA"]
[BlackTeamCountry "USA"]

1. e4 e6 2. d4 d5 3. Nd2 Nf6 4. e5 Nfd7 5. Ngf3 c5 6. c3 Nc6 7. Bd3 g5 8. g4 Be7 9. Nf1 h5 10. Rg1 h4 11. Be3 cxd4 12. cxd4 Qa5+ 13. N1d2 Rg8 14. a3 Nb6 15. b4 Qa4 16. Qc1 Bd7 17. Qb2 Rc8 18. Ke2 Nb8 19. Rgc1 Bb5 20. Rxc8+ Nxc8 21. Qb3 Bxd3+ 22. Qxd3 Nc6 23. Rc1 Nb6 24. Rc3 a6 25. Qh7 Qb5+ 26. Ke1 Rg6 27. Qh8+ Kd7 28. Qh7 Na4 29. Rb3 Ke8 30. Qh8+ Kd7 31. Qh7 Ke8 32. Qh5 b6 33. Qh8+ Kd7 34. Qa8 Nd8 35. Qa7+ Ke8 36. Qa8 Qc6 37. Qxa6 Qc1+ 38. Ke2 Nb2 39. Ne1 Qd1+ 40. Kf1 Nc4 41. Nxc4 Qxb3 42. Nxb6 Qd1 43. h3 Qb1 44. Nc8 Qe4 45. Kg1 f5 46. Qb5+ Kf8 47. Qd7 Rg7 48. Nd6 Bxd6 49. Qxd8+ Kf7 50. exd6 f4 51. d7 Rg8 52. Qxg8+ Kxg8 53. d8Q+ Kf7 54. Qxg5 fxe3 55. Qxe3 Qb1 56. Kg2 Ke7 57. Nf3 Qh7 58. Qg5+ Kd7 59. Qxh4 Qe4 60. Qg5 Kc6 61. Qe3 Qg6 62. Ne5+ 1-0

[Event "PRO League Stage"]
[Site "Chess.com INT"]
[Date "2017.02.22"]
[Round "7"]
[White "Banik, Siddharth G"]
[Black "Tarjan, James Edward"]
[Result "1/2-1/2"]
[WhiteElo "2154"]
[BlackElo "2406"]
[PlyCount "72"]
[EventDate "2017.01.11"]
[EventType "team-swiss (rapid)"]
[EventRounds "7"]
[EventCountry "USA"]
[SourceTitle "EXT 2018"]
[Source "ChessBase"]
[SourceDate "2017.10.13"]
[SourceVersion "1"]
[SourceVersionDate "2017.10.13"]
[SourceQuality "1"]
[WhiteTeam "San Francisco Mechanics"]
[BlackTeam "Portland Rain"]
[WhiteTeamCountry "USA"]
[BlackTeamCountry "USA"]

1. e4 e5 2. Nf3 Nc6 3. Bb5 a6 4. Ba4 Nf6 5. d3 d6 6. c3 g6 7. 0-0 Bg7 8. Nbd2 0-0 9. Re1 Bd7 10. h3 h6 11. d4 Re8 12. a3 Qe7 13. b4 Qf8 14. Bb3 Rad8 15. Qc2 Nh5 16. dxe5 Nxe5 17. Nxe5 Rxe5 18. Nf3 Re7 19. e5 Bf5 20. Qa2 Bxh3 21. gxh3 dxe5 22. Be3 b6 23. Qe2 e4 24. Nd4 Red7 25. Rac1 Kh7 26. Qxa6 Qd6 27. Ne2 Qe5 28. Rcd1 Qf5 29. Kg2 Qf3+ 30. Kg1 Qxh3 31. Rxd7 Rxd7 32. Qb5 Qg4+ 33. Kf1 Qh3+ 34. Kg1 Qg4+ 35. Kf1 Qh3+ 36. Kg1 Qg4+ 1/2-1/2

[Event "PRO League Pacific"]
[Site "Chess.com INT"]
[Date "2017.01.25"]
[Round "3"]
[White "Banik, Siddharth G"]
[Black "Robson, Ray"]
[Result "0-1"]
[WhiteElo "2154"]
[BlackElo "2675"]
[PlyCount "110"]
[EventDate "2017.01.11"]
[EventType "team-swiss (rapid)"]
[EventRounds "7"]
[EventCountry "USA"]
[SourceTitle "CBM 176 Extra"]
[Source "ChessBase"]
[SourceDate "2017.03.02"]
[SourceVersion "1"]
[SourceVersionDate "2017.03.02"]
[SourceQuality "1"]
[WhiteTeam "San Francisco Mechanics"]
[BlackTeam "Webster Windmills"]
[WhiteTeamCountry "USA"]
[BlackTeamCountry "USA"]

1. e4 c5 2. Nf3 d6 3. d4 cxd4 4. Nxd4 Nf6 5. Nc3 a6 6. Bg5 Nbd7 7. Bc4 e6 8. Qd2 h6 9. Bh4 Nxe4 10. Qf4 Nef6 11. Qe3 Ne5 12. Bb3 Be7 13. h3 0-0 14. 0-0-0 Ng6 15. Bxf6 Bxf6 16. Ne4 Be7 17. Kb1 d5 18. Ng3 Bg5 19. Qc3 Bd7 20. h4 Bxh4 21. Nh5 Bf6 22. f4 Rc8 23. Qf3 a5 24. c3 Bxd4 25. Rxd4 Re8 26. f5 exf5 27. Rxd5 Qe7 28. Ng3 Bc6 29. Nxf5 Qe4+ 30. Qxe4 Rxe4 31. Rxa5 Rd8 32. Bc2 Re2 33. Nd4 Bxg2 34. Rg1 Rde8 35. Nxe2 Rxe2 36. Rc5 Kh7 37. Rc7 h5 38. Bd3 Rd2 39. Rxf7 Kh6 40. Bxg6 Kxg6 41. Kc1 Re2 42. Rxb7 h4 43. Rb6+ Kh5 44. Rb8 h3 45. Kd1 Rf2 46. Ke1 Rc2 47. a4 Kg4 48. Rb4+ Kg3 49. Kd1 h2 50. Re1 Rf2 51. a5 Rf1 52. Rxf1 Bxf1 53. a6 Bxa6 54. Rb6 h1Q+ 55. Kc2 Qh7+ 0-1

[Event "USA tt Wildcard"]
[Site "ICC INT"]
[Date "2015.11.04"]
[Round "1"]
[White "Golub, David"]
[Black "Banik, Siddharth G"]
[Result "1-0"]
[WhiteElo "2183"]
[BlackElo "2123"]
[PlyCount "73"]
[EventDate "2015.11.04"]
[EventType "team"]
[EventRounds "1"]
[EventCountry "USA"]
[SourceTitle "CBM 169 Extra"]
[Source "ChessBase"]
[SourceDate "2015.12.18"]
[SourceVersion "1"]
[SourceVersionDate "2015.12.18"]
[SourceQuality "1"]
[WhiteTeam "Seattle"]
[BlackTeam "San Francisco"]
[WhiteTeamCountry "USA"]
[BlackTeamCountry "USA"]

1. Nf3 Nf6 2. c4 e6 3. Nc3 Bb4 4. g4 d6 5. g5 Nfd7 6. Qc2 Nc6 7. a3 Bxc3 8. Qxc3 e5 9. b4 0-0 10. Rg1 f5 11. d4 Nb6 12. dxe5 dxe5 13. b5 Nd4 14. a4 a6 15. Nxe5 axb5 16. e3 Ne6 17. cxb5 Nxg5 18. Rxg5 Qxg5 19. Qb3+ Kh8 20. Nf7+ Rxf7 21. Qxf7 Bd7 22. a5 Qg6 23. Qxg6 hxg6 24. Bb2 Nc8 25. a6 b6 26. Be5 Ra7 27. Rc1 Nd6 28. Bxd6 cxd6 29. Rd1 Rc7 30. Rxd6 Rc1+ 31. Rd1 Rc7 32. Be2 Kg8 33. Rd6 Kf7 34. Rxb6 Rc1+ 35. Kd2 Ra1 36. Bc4+ Ke7 37. Rxg6 1-0

[Event "USA tt"]
[Site "ICC INT"]
[Date "2015.10.20"]
[Round "9"]
[White "Foisor, Sabina Francesca"]
[Black "Banik, Siddharth G"]
[Result "1/2-1/2"]
[WhiteElo "2230"]
[BlackElo "2123"]
[PlyCount "152"]
[EventDate "2015.08.25"]
[EventType "team-swiss"]
[EventRounds "10"]
[EventCountry "USA"]
[SourceTitle "EXT 2017"]
[Source "ChessBase"]
[SourceDate "2016.10.25"]
[SourceVersion "1"]
[SourceVersionDate "2016.10.25"]
[SourceQuality "1"]
[WhiteTeam "Lubbock"]
[BlackTeam "San Francisco"]
[WhiteTeamCountry "USA"]
[BlackTeamCountry "USA"]

1. d4 Nf6 2. c4 g6 3. Nc3 Bg7 4. e4 d6 5. Nf3 0-0 6. Be2 e5 7. 0-0 Nc6 8. d5 Ne7 9. b4 a5 10. Ba3 axb4 11. Bxb4 b6 12. a4 Re8 13. a5 c5 14. dxc6 Nxc6 15. Bxd6 Nd4 16. Bxe5 Nxf3+ 17. Bxf3 Qxd1 18. Rfxd1 Rxe5 19. axb6 Rb8 20. Rd8+ Re8 21. Rad1 Be6 22. Rxb8 Rxb8 23. c5 Nd7 24. c6 Nxb6 25. Nd5 Nc8 26. g3 Be5 27. Bg2 g5 28. f4 gxf4 29. gxf4 Bxd5 30. Rxd5 Bxf4 31. e5 Ne7 32. c7 Rb1+ 33. Kf2 Rc1 34. Rd7 Kf8 35. Bb7 Bxe5 36. Rxe7 Kxe7 37. c8Q Rxc8 38. Bxc8 Bxh2 39. Kg2 Bc7 40. Bf5 h6 41. Bb1 f6 42. Bf5 Bf4 43. Kf3 Bg5 44. Kg2 Kd6 45. Kh1 Ke5 46. Bh7 Kf4 47. Bg6 Kg3 48. Kg1 Be3+ 49. Kh1 Bf2 50. Bh7 h5 51. Bg6 h4 52. Bh7 Ba7 53. Bf5 Kf4 54. Bc8 Ke5 55. Bh3 Kf4 56. Bc8 Kf3 57. Bh3 Kg3 58. Bc8 h3 59. Bd7 h2 60. Bc8 Bg1 61. Bd7 Kf4 62. Bc8 Ke5 63. Bh3 Kd6 64. Bg4 Kd5 65. Bh3 Kd4 66. Bg4 Ke3 67. Bh3 Kf4 68. Bc8 Kg3 69. Bd7 Kh4 70. Bc8 Kg5 71. Bd7 f5 72. Bxf5 Kxf5 73. Kg2 Kg4 74. Kh1 Kh4 75. Kg2 Kg4 76. Kh1 Kh3 1/2-1/2

[Event "Las Vegas National op"]
[Site "Las Vegas"]
[Date "2015.06.21"]
[Round "5"]
[White "Foisor, Sabina Francesca"]
[Black "Banik, Siddharth G"]
[Result "0-1"]
[WhiteElo "2212"]
[BlackElo "2091"]
[PlyCount "41"]
[EventDate "2015.06.19"]
[EventType "swiss"]
[EventRounds "6"]
[EventCountry "USA"]
[SourceTitle "CBM 167 Extra"]
[Source "ChessBase"]
[SourceDate "2015.09.14"]
[SourceVersion "1"]
[SourceVersionDate "2015.09.14"]
[SourceQuality "1"]

1. d4 Nf6 2. Bf4 g6 3. Nc3 d5 4. Qd2 Bg7 5. 0-0-0 0-0 6. f3 c5 7. dxc5 Qa5 8. Kb1 Qxc5 9. e3 Be6 10. g4 Rc8 11. h4 Nbd7 12. Nge2 b5 13. Nd4 b4 14. Nce2 Nf8 15. Nb3 Qb6 16. h5 a5 17. Ned4 a4 18. Nc1 a3 19. b3 Bxg4 20. fxg4 Ne4 21. Qd3 0-1

[Event "Las Vegas National op"]
[Site "Las Vegas"]
[Date "2015.06.19"]
[Round "1"]
[White "Bachmann, Axel"]
[Black "Banik, Siddharth G"]
[Result "1-0"]
[WhiteElo "2626"]
[BlackElo "2091"]
[PlyCount "62"]
[EventDate "2015.06.19"]
[EventType "swiss"]
[EventRounds "6"]
[EventCountry "USA"]
[SourceTitle "CBM 167 Extra"]
[Source "ChessBase"]
[SourceDate "2015.09.14"]
[SourceVersion "1"]
[SourceVersionDate "2015.09.14"]
[SourceQuality "1"]

1. Nf3 Nf6 2. c4 c5 3. d4 cxd4 4. Nxd4 g6 5. Nc3 Bg7 6. e4 Nc6 7. Be3 0-0 8. Be2 d6 9. 0-0 Bd7 10. Nc2 Rc8 11. f3 a6 12. Qd2 Be6 13. Rac1 Nd7 14. b3 f5 15. exf5 gxf5 16. Nd5 Nf6 17. Bg5 Qe8 18. Rfe1 Qf7 19. Rcd1 Kh8 20. Nf4 Bd7 21. c5 e5 22. Bc4 d5 23. Nxd5 Nxd5 24. Qxd5 Qg6 25. h4 h6 26. Qxd7 hxg5 27. hxg5 Qxg5 28. Rd6 e4 29. f4 Qxf4 30. Re3 Bd4 31. Rxd4 Nxd4 1-0

[Event "USA tt Wildcard"]
[Site "ICC INT"]
[Date "2014.11.05"]
[Round "1"]
[White "Harris, Ian"]
[Black "Banik, Siddharth G"]
[Result "1-0"]
[WhiteElo "2160"]
[BlackElo "2136"]
[PlyCount "89"]
[EventDate "2014.11.05"]
[EventType "team-match"]
[EventRounds "1"]
[EventCountry "USA"]
[SourceTitle "EXT 2015"]
[Source "ChessBase"]
[SourceDate "2014.11.20"]
[SourceVersion "1"]
[SourceVersionDate "2014.11.20"]
[SourceQuality "1"]
[WhiteTeam "Connecticut"]
[BlackTeam "San Francisco"]
[WhiteTeamCountry "USA"]
[BlackTeamCountry "USA"]

1. d4 Nf6 2. c4 g6 3. Nc3 d5 4. Nf3 Bg7 5. h4 c6 6. cxd5 cxd5 7. Bf4 0-0 8. e3 Nc6 9. Ne5 e6 10. Be2 Nd7 11. Nf3 Nf6 12. Ne5 Nd7 13. Nd3 Re8 14. Kf1 a6 15. Rc1 Nf6 16. Na4 Ne4 17. f3 Nd6 18. Kf2 Nf5 19. Qb3 Bf6 20. g3 Bd7 21. Ndc5 e5 22. dxe5 Bxe5 23. Nxd7 Bxf4 24. gxf4 Rxe3 25. Qxd5 Qe7 26. Bc4 Re8 27. Nc3 Nb4 28. Qd2 Nd3+ 29. Bxd3 Qxd7 30. Rcd1 Qd4 31. Kg2 Qxf4 32. Qf2 R8e5 33. Bxf5 Rxf5 34. Nd5 Qxf3+ 35. Qxf3 Rexf3 36. Ne7+ Kg7 37. Nxf5+ Rxf5 38. Rhf1 Re5 39. Rd7 Re2+ 40. Rf2 Re4 41. Rfxf7+ Kg8 42. Rg7+ Kf8 43. Rxh7 Kg8 44. Rhe7 Rg4+ 45. Kh3 1-0

[Event "USA tt"]
[Site "ICC INT"]
[Date "2014.09.16"]
[Round "4"]
[White "Banik, Siddharth G"]
[Black "Ramachandran, Karthik N"]
[Result "1-0"]
[WhiteElo "2054"]
[BlackElo "2142"]
[PlyCount "115"]
[EventDate "2014.08.26"]
[EventType "team-tourn"]
[EventRounds "10"]
[EventCountry "USA"]
[SourceTitle "CBM 162 Extra"]
[Source "ChessBase"]
[SourceDate "2014.10.17"]
[SourceVersion "1"]
[SourceVersionDate "2014.10.17"]
[SourceQuality "1"]
[WhiteTeam "San Francisco"]
[BlackTeam "Dallas"]
[WhiteTeamCountry "USA"]
[BlackTeamCountry "USA"]

1. e4 c6 2. d4 d5 3. e5 Bf5 4. h4 Qb6 5. Ne2 e6 6. Ng3 Ne7 7. Na3 a6 8. c3 c5 9. Qa4+ Nec6 10. Nxf5 exf5 11. Nc2 cxd4 12. Nxd4 Nd7 13. Be2 Nxd4 14. cxd4 Bb4+ 15. Kf1 0-0-0 16. Rh3 Qxd4 17. Bg5 Qxb2 18. Qd1 Qxe5 19. Rc1+ Bc5 20. Bxd8 Rxd8 21. Qa4 Qd6 22. Rd3 Qh2 23. Rh3 Qd6 24. Kg1 Kb8 25. Rb3 Ka7 26. Rcb1 Bb6 27. R3b2 Rc8 28. Bf3 Rc4 29. Qb3 Rxh4 30. Qxd5 Qxd5 31. Bxd5 Rd4 32. Bxf7 Rd6 33. Bh5 g5 34. Rd1 Rxd1+ 35. Bxd1 Nf6 36. Kf1 h5 37. Bc2 f4 38. Rb4 Ng4 39. Bg6 h4 40. Bf5 Nf6 41. Be6 Bc5 42. Rb2 g4 43. Rc2 Kb6 44. Re2 f3 45. gxf3 gxf3 46. Re5 Bd4 47. Re1 Kc5 48. Bc8 b6 49. Rc1+ Kd6 50. Bb7 Ng4 51. Rc2 Nxf2 52. Rxf2 Bxf2 53. Kxf2 a5 54. Ba6 a4 55. Bb5 a3 56. Kxf3 Kc5 57. Ba4 b5 58. Bb3 1-0

[Event "Arlington DC op 2nd"]
[Site "Arlington"]
[Date "2014.06.28"]
[Round "5"]
[White "Helfst, Matt D"]
[Black "Banik, Siddharth G"]
[Result "0-1"]
[WhiteElo "1951"]
[BlackElo "2036"]
[PlyCount "119"]
[EventDate "2014.06.26"]
[EventType "swiss"]
[EventRounds "9"]
[EventCountry "USA"]
[SourceTitle "CBM 161 Extra"]
[Source "ChessBase"]
[SourceDate "2014.08.29"]
[SourceVersion "1"]
[SourceVersionDate "2014.08.29"]
[SourceQuality "1"]

1. Nf3 Nf6 2. g3 g6 3. Bg2 Bg7 4. 0-0 0-0 5. d4 d5 6. c4 c6 7. cxd5 cxd5 8. Nc3 e6 9. Ne5 Nfd7 10. Nxd7 Bxd7 11. Bf4 Qb6 12. Bxd5 Qxb2 13. Rb1 Qxc3 14. Bxb7 Nc6 15. Rc1 Qb2 16. Bxc6 Bxc6 17. Rxc6 Qxa2 18. e3 a5 19. Qa1 Qd5 20. Qa4 Rfc8 21. Rfc1 Rxc6 22. Rxc6 Bf8 23. Rc7 Rb8 24. Rc1 Qb5 25. Qxb5 Rxb5 26. Rc8 Kg7 27. Be5+ f6 28. Rc7+ Kg8 29. Bxf6 a4 30. Ra7 a3 31. Ra8 Kf7 32. Be5 Bb4 33. Ra7+ Ke8 34. Bc7 Be7 35. e4 Rb2 36. Be5 Rd2 37. Ra8+ Kf7 38. Ra7 a2 39. Kg2 Ke8 40. Ra4 Kd7 41. Bf4 Rc2 42. Be5 Kc6 43. h4 h5 44. Ra8 Kb7 45. Ra4 g5 46. hxg5 Bxg5 47. d5 exd5 48. exd5 Rd2 49. Bf4 Bxf4 50. gxf4 Kc7 51. Kg3 Kd6 52. Ra5 Rc2 53. Kh4 Rd2 54. Kg3 Rd3+ 55. Kh4 Rd2 56. Kg3 Kc7 57. f5 Kb6 58. Ra3 Rd3+ 59. Rxd3 a1Q 60. d6 0-1

[Event "Arlington DC op 2nd"]
[Site "Arlington"]
[Date "2014.06.26"]
[Round "2"]
[White "Banik, Siddharth G"]
[Black "Shetty, Atulya"]
[Result "0-1"]
[WhiteElo "2036"]
[BlackElo "2302"]
[PlyCount "80"]
[EventDate "2014.06.26"]
[EventType "swiss"]
[EventRounds "9"]
[EventCountry "USA"]
[SourceTitle "CBM 161 Extra"]
[Source "ChessBase"]
[SourceDate "2014.08.29"]
[SourceVersion "1"]
[SourceVersionDate "2014.08.29"]
[SourceQuality "1"]

1. e4 e6 2. d4 d5 3. Nd2 c5 4. exd5 Qxd5 5. Ngf3 cxd4 6. Bc4 Qd6 7. Qe2 Nf6 8. Nb3 Nc6 9. Bg5 Be7 10. 0-0-0 a6 11. Nbxd4 Nxd4 12. Nxd4 Qc7 13. Kb1 h6 14. Bh4 0-0 15. Rhe1 Rd8 16. Bb3 b5 17. Bg3 Qc5 18. Qf3 Bd7 19. Re5 Qa7 20. Ree1 Rac8 21. Be5 a5 22. c3 Qc5 23. Bg3 a4 24. Re5 Qa7 25. Bc2 a3 26. Nf5 Bc6 27. Rxd8+ Bxd8 28. Nxh6+ gxh6 29. Qf4 Kg7 30. Qh4 axb2 31. Bf4 Ng8 32. Qg3+ Kf8 33. Bh7 Nf6 34. Bxh6+ Ke8 35. Qg7 Be7 36. Be3 Qa3 37. Bg6 fxg6 38. Bc5 Be4+ 39. Rxe4 Qxc5 40. Rxe6 Qf5+ 0-1

[Event "Bay Area op"]
[Site "Santa Clara"]
[Date "2014.01.05"]
[Round "5"]
[White "Banik, Siddharth G"]
[Black "Melekhina, Alisa"]
[Result "1-0"]
[WhiteElo "2002"]
[BlackElo "2188"]
[PlyCount "65"]
[EventDate "2014.01.02"]
[EventType "swiss"]
[EventRounds "9"]
[EventCountry "USA"]
[SourceTitle "CBM 158 Extra"]
[Source "ChessBase"]
[SourceDate "2014.02.28"]
[SourceVersion "1"]
[SourceVersionDate "2014.02.28"]
[SourceQuality "1"]

1. e4 c5 2. Nf3 Nc6 3. d4 cxd4 4. Nxd4 Nf6 5. Nc3 e5 6. Ndb5 d6 7. Bg5 a6 8. Na3 b5 9. Nd5 Be7 10. Bxf6 Bxf6 11. c4 b4 12. Nc2 a5 13. g3 0-0 14. Bg2 Bg5 15. 0-0 Rb8 16. b3 Kh8 17. f4 exf4 18. gxf4 Bh6 19. Nd4 Nxd4 20. Qxd4 Be6 21. Rf3 f6 22. Bh3 f5 23. exf5 Bxf5 24. Bxf5 Rxf5 25. Rh3 Kg8 26. Rxh6 gxh6 27. Kh1 Qh4 28. Qa7 Re8 29. Rg1+ Rg5 30. Nf6+ Kf8 31. Nxh7+ Kg8 32. Nxg5 Re1 33. Qf7+ 1-0

[Event "Wch U14"]
[Site "Al Ain"]
[Date "2013.12.28"]
[Round "11"]
[White "Kutsanian, Andranik"]
[Black "Banik, Siddharth G"]
[Result "1/2-1/2"]
[WhiteElo "1907"]
[BlackElo "1978"]
[PlyCount "137"]
[EventDate "2013.12.18"]
[EventType "swiss"]
[EventRounds "11"]
[EventCountry "UAE"]
[SourceTitle "CBM 158 Extra"]
[Source "ChessBase"]
[SourceDate "2014.02.28"]
[SourceVersion "1"]
[SourceVersionDate "2014.02.28"]
[SourceQuality "1"]

1. e4 c5 2. Nf3 d6 3. d4 cxd4 4. Nxd4 Nf6 5. Nc3 a6 6. Bc4 e6 7. Bb3 Nbd7 8. f4 Nc5 9. Qf3 Be7 10. 0-0 0-0 11. Be3 Qc7 12. Rae1 b5 13. e5 Bb7 14. exf6 Bxf3 15. fxe7 Qxe7 16. Rxf3 b4 17. Na4 Qc7 18. Ne2 Qc6 19. Nxc5 dxc5 20. Bc4 Rad8 21. Nc1 Qe4 22. Bd3 Qd5 23. b3 e5 24. Bc4 Qe4 25. Nd3 exf4 26. Bxc5 Qc6 27. Bxf8 Rxf8 28. Rxf4 h6 29. Nxb4 Qd6 30. Nd3 Kh7 31. Rxf7 Rxf7 32. Bxf7 Qd4+ 33. Kh1 Qc3 34. Rc1 g5 35. Bh5 Kg7 36. a4 a5 37. Bf3 Kg6 38. Be4+ Kg7 39. Kg1 h5 40. Nf2 g4 41. Bd3 Qd4 42. Kf1 h4 43. c3 Qf4 44. Re1 g3 45. hxg3 hxg3 46. Re2 gxf2 47. Rxf2 Qc1+ 48. Ke2 Qb2+ 49. Kf1 Qxb3 50. Bc2 Qxc3 51. Re2 Kf6 52. Rf2+ Kg5 53. Re2 Qc4 54. Ke1 Qd4 55. Kf1 Kf6 56. Bb3 Qa1+ 57. Kf2 Kg5 58. Re3 Qb2+ 59. Kf1 Qc1+ 60. Ke2 Qg1 61. Rg3+ Kf6 62. Bc2 Qc1 63. Bb3 Ke5 64. Kf2 Qf4+ 65. Rf3 Qd2+ 66. Kg1 Ke4 67. Rh3 Qe1+ 68. Kh2 Qf2 69. Rf3 1/2-1/2